Najdłużej panujący mistrzowie WWE - Statystyki

Ogólne statystyki
  • Ten quiz został rozwiązany 711 razy
  • Średni wynik to 3 z 10
Statystyki odpowiedzi
Hint Odpowiedź % Poprawnych
6. 381 dni John Cena
87%
3. 1474 dni Hulk Hogan
69%
5. 434 dni CM Punk
62%
1. 2803 dni Bruno Sammartino
50%
7. 371 dni AJ Styles
21%
2. 2135 dni Bob Backlund
17%
7. 371 dni Randy Savage
16%
4. 1027 dni Pedro Morales
12%
9. 358 dni Diesel
8%
10. 296 dni Superstar Billy Graham
5%
Nie znaleziono quizów pasujących do podanych kryteriów
Rozkład punktacji
Procent ludzi z każdym wynikiem
Percentyl według liczby udzielonych odpowiedzi
Twoja historia wyników
Nie rozwiązałeś tego quizu